000
00461nam a2200169Ia 4500
008
090711s9999 xx 000 0 und d
082
_b
43905
100
_a
मेहता शशिकला
245
_a
अनुराधा
260
_c
1981
300
_a
110
600
_a
मेहता शशिकला
630
_a
अनुराधा
700
_a
मेहता शशिकला
730
_a
अनुराधा
942
_c
BOOK
999
_c
296119
_d
296119